[Event "Aeroflot Open A 2020"]
[Site "Moscow RUS"]
[Date "2020.02.27"]
[Round "9.1"]
[White "Mamedov, Rauf"]
[Black "Suleymanli, Aydin"]
[Result "1/2-1/2"]
[WhiteElo "2643"]
[BlackElo "2474"]
[EventDate "2020.02.19"]

1. e4 c6 2. d4 d5 3. exd5 cxd5 4. Bd3 Nc6 5. c3 Qc7 6. h3 e6 7. Nf3 Bd6 8.
O-O Nge7 9. Re1 a6 10. Nbd2 f6 11. c4 O-O 12. a3 Ng6 13. Nf1 Qf7 14. Bd2
Nf4 15. Bxf4 Bxf4 16. Ne3 Kh8 17. Qc2 g6 18. Re2 Bd7 19. cxd5 exd5 20. Rae1
Rad8 21. Qc5 Be6 22. Nd1 Bd6 23. Qb6 Bc7 24. Qb3 Bc8 25. Ne3 Bb8 26. Qc3
Bd7 27. Qb3 Bc8 28. Qc3 Bd7 29. Bb1 Bd6 1/2-1/2

[Event "Aeroflot Open A 2020"]
[Site "Moscow RUS"]
[Date "2020.02.27"]
[Round "9.2"]
[White "Aravindh, Chithambaram Vr."]
[Black "Sjugirov, Sanan"]
[Result "1-0"]
[WhiteElo "2630"]
[BlackElo "2674"]
[EventDate "2020.02.19"]

1. d4 Nf6 2. c4 c6 3. Nc3 d5 4. cxd5 cxd5 5. Bf4 Nc6 6. e3 Bf5 7. Qb3 Na5
8. Qa4+ Bd7 9. Qc2 e6 10. Nf3 Nh5 11. Be5 Nc6 12. a3 Be7 13. Bd3 Nxe5 14.
Nxe5 Nf6 15. f4 g6 16. g4 Bc6 17. h4 Nd7 18. Nf3 Rc8 19. g5 Bd6 20. h5 Rg8
21. Ke2 a6 22. hxg6 hxg6 23. Rh6 Qe7 24. Qb3 Kd8 25. Nd1 Kc7 26. Nf2 Rh8
27. Rah1 Rxh6 28. Rxh6 Rg8 29. Qc2 Qe8 30. Qc1 Bf8 31. Rh7 Bg7 32. Ng4 Qf8
33. b4 Kb6 34. Nfe5 Nxe5 35. Qc5+ Qxc5 36. dxc5+ Kc7 37. fxe5 Kd8 38. Kf3
Ke8 39. Nf6+ Bxf6 40. exf6 e5 41. e4 dxe4+ 42. Bxe4 Rf8 43. Bxc6+ bxc6 44.
Ke4 Kd7 45. Kxe5 Re8+ 46. Kf4 Rf8 47. Rh3 Re8 48. Re3 1-0

[Event "Aeroflot Open A 2020"]
[Site "Moscow RUS"]
[Date "2020.02.27"]
[Round "9.3"]
[White "Yilmaz, Mustafa"]
[Black "Adhiban, B."]
[Result "1/2-1/2"]
[WhiteElo "2607"]
[BlackElo "2654"]
[EventDate "2020.02.19"]

1. d4 Nf6 2. c4 c5 3. d5 e6 4. Nc3 exd5 5. cxd5 d6 6. e4 g6 7. f4 Bg7 8.
Bb5+ Nfd7 9. a4 Qh4+ 10. g3 Qe7 11. Nf3 a6 12. Be2 O-O 13. O-O b6 14. Re1
Bb7 15. Bf1 Re8 16. Be3 Nf6 17. Nd2 Nbd7 18. Bf2 h5 19. h3 Qf8 20. Bg2 Nh7
21. Nc4 Rab8 22. Ra3 Ba8 23. Rb3 Bh8 24. Bf3 Bg7 25. Kg2 Bh8 26. Qd3 Bg7
27. Be3 Bf6 28. Qd2 Bg7 29. Qd3 Bf6 30. Bf2 Bg7 31. Re2 Bf6 32. Qd2 Bg7 33.
Be3 Bf6 34. Bg1 Bg7 35. Re1 Bf6 36. Be3 Bg7 37. Rh1 Bxc3 38. Qxc3 b5 39.
axb5 axb5 40. Nd2 f5 41. exf5 Nhf6 42. Qc2 Nxd5 43. Bf2 Qxf5 44. Qxf5 gxf5
45. Ra1 Nb4 46. Nf1 Bxf3+ 47. Kxf3 Nb6 48. Ne3 Nc4 49. Rd1 Rf8 50. Be1 Nxe3
51. Rxe3 Nc2 52. Red3 Nd4+ 53. Kg2 b4 54. Bf2 Nb5 55. Rd5 Rf6 56. Kf3 Kf7
57. Ra1 Rb7 58. Rdd1 Re6 59. Rd5 Rf6 60. Rdd1 Nc7 61. g4 fxg4+ 62. hxg4 Ne6
63. Be3 hxg4+ 64. Kxg4 Ng7 65. f5 Nxf5 66. Bg5 Kg6 67. Bxf6 Ne3+ 68. Kf3
Nxd1 69. Bd4 Nxb2 70. Bxb2 Kf5 71. Rh1 Rf7 72. Ke3 Ke6 73. Kd3 Rf4 74. Rh6+
Kd5 75. Rh5+ Kc6 76. Rh6 Kd5 77. Rh5+ Kc6 78. Rh6 Rf3+ 79. Kc4 Re3 80. Bg7
Re7 81. Rg6 Re1 82. Rh6 Re8 83. Bb2 Re2 84. Bg7 Rc2+ 85. Kd3 b3 86. Bc3 Rc1
87. Kd2 Rc2+ 88. Kd3 Rc1 89. Kd2 Rg1 90. Bh8 Rg2+ 91. Kc1 Rc2+ 92. Kb1 Rd2
93. Bc3 Re2 94. Bg7 c4 95. Bc3 Kc5 96. Rh5+ Kc6 97. Rh6 Kd5 98. Bb4 Re6 99.
Rxe6 Kxe6 100. Kb2 d5 101. Bc5 Ke5 102. Kc3 Ke4 103. Bb6 Kf4 104. Bc5 Kf3
105. Bb6 Ke2 106. Bd4 Ke1 107. Bc5 Kd1 108. Be3 Ke2 109. Bc5 Kd1 110. Be3
Ke2 1/2-1/2

[Event "Aeroflot Open A 2020"]
[Site "Moscow RUS"]
[Date "2020.02.27"]
[Round "9.4"]
[White "Shimanov, Aleksandr"]
[Black "Jumabayev, Rinat"]
[Result "0-1"]
[WhiteElo "2587"]
[BlackElo "2646"]
[EventDate "2020.02.19"]

1. d4 d5 2. Bf4 c5 3. e3 Nc6 4. c3 Nf6 5. Nd2 Bf5 6. Ngf3 e6 7. Qb3 Qb6 8.
Qxb6 axb6 9. Bb5 Nd7 10. Ne5 Ndxe5 11. Bxe5 Kd7 12. O-O Bd6 13. Bxd6 Kxd6
14. Rfd1 Bc2 15. Rdc1 Bg6 16. Rd1 c4 17. e4 Na7 18. Ba4 Bxe4 19. Nxe4+ dxe4
20. Re1 f5 21. Bd1 Nc6 22. f3 e5 23. d5 Nb8 24. fxe4 fxe4 25. Rxe4 b5 26.
b3 cxb3 27. Bxb3 Nd7 28. Rg4 g6 29. Rb4 Ra5 30. c4 Rf8 31. cxb5 Nc5 32. Bc2
Ra3 33. h4 e4 34. Bxe4 Rf4 35. Re1 Rxh4 36. Re2 Ra8 37. a3 Rxa3 38. Rc4 Rf4
39. Kh2 Rh4+ 40. Kg1 g5 41. Rxc5 Kxc5 42. d6 Kxd6 43. Bxb7 Ra1+ 44. Kf2
Rf4+ 45. Kg3 h5 46. Rd2+ Kc7 47. Bc6 Rh1 48. Bf3 h4+ 49. Kf2 g4 50. Ke3
Rxf3+ 51. gxf3 g3 52. Rg2 h3 53. Rxg3 h2 54. Rg7+ Kb6 0-1

[Event "Aeroflot Open A 2020"]
[Site "Moscow RUS"]
[Date "2020.02.27"]
[Round "9.5"]
[White "Paravyan, David"]
[Black "Petrosyan, Manuel"]
[Result "1/2-1/2"]
[WhiteElo "2629"]
[BlackElo "2590"]
[EventDate "2020.02.19"]

1. e4 e5 2. Nf3 Nc6 3. Bb5 Nf6 4. d3 Bc5 5. Bxc6 dxc6 6. Nbd2 O-O 7. Nc4
Nd7 8. Ne3 Re8 9. h4 Nf6 10. Nh2 Bb4+ 11. Kf1 h5 12. Qf3 Bc5 13. Nf5 Bxf5
14. Qxf5 Qd7 15. Qxd7 Nxd7 16. Bd2 Nf8 17. g4 hxg4 18. Nxg4 f6 19. h5 Be7
20. f4 exf4 21. Bxf4 Ne6 22. Bg3 Rad8 23. Kg2 Nd4 24. c3 Ne6 25. d4 Bd6 26.
Rae1 c5 27. d5 Nf4+ 28. Bxf4 Bxf4 29. h6 Bd2 30. Reg1 Bg5 31. Kf3 g6 32. e5
Kh7 33. exf6 Rxd5 34. Rd1 Rf5+ 35. Kg3 Bf4+ 36. Kg2 Re2+ 37. Kf3 Re8 38.
Kg2 Re2+ 39. Kf3 Re8 40. Rd7+ Kh8 1/2-1/2

[Event "Aeroflot Open A 2020"]
[Site "Moscow RUS"]
[Date "2020.02.27"]
[Round "9.6"]
[White "Sarana, Alexey"]
[Black "Aleksandrov, Aleksej"]
[Result "0-1"]
[WhiteElo "2656"]
[BlackElo "2592"]
[EventDate "2020.02.19"]

1. g3 d5 2. Bg2 Nf6 3. Nf3 e6 4. O-O Be7 5. c4 O-O 6. b3 c5 7. Bb2 Nc6 8.
e3 b6 9. Qe2 Bb7 10. d3 Re8 11. Nbd2 a5 12. a4 Bf8 13. Rad1 Nd7 14. Nh4 d4
15. f4 dxe3 16. Qxe3 Qc7 17. Ne4 f5 18. Nc3 Rad8 19. Nb5 Qc8 20. h3 Ndb8
21. Rf2 Na6 22. g4 Nab4 23. Qg3 Qd7 24. Kh2 g6 25. gxf5 exf5 26. Nxg6 hxg6
27. Qxg6+ Bg7 28. Rg1 Re7 29. Bf6 Qe6 30. Bd5 Rxd5 31. cxd5 Nxd5 32. Bxe7
Qxg6 33. Rxg6 Ncxe7 34. Rg5 Kf8 35. Nd6 Ba6 36. Nxf5 Bf6 37. Rf3 Nb4 38.
Nxe7 Kxe7 39. Rg8 Bxd3 40. Rb8 Bd4 41. Rxb6 c4 42. Rb7+ Kd6 43. Rg3 Be4 44.
Rb5 c3 45. Rxc3 Bxc3 46. Rxa5 Bd5 47. h4 Bxb3 48. h5 Nd5 49. Ra6+ Kc5 50.
h6 Nxf4 51. Ra8 Be5 52. Kg3 Bd1 53. a5 Ne6+ 54. Kf2 Nc7 55. Rb8 Bc2 56. Kf3
Bc3 57. a6 Nxa6 58. Rc8+ Kb4 59. Kf4 Bd2+ 60. Ke5 Nc5 61. Kd5 Bb3+ 62. Kd4
Bc3+ 63. Ke3 Bc2 64. Rg8 Kc4 65. Rg4+ Kd5 66. Rh4 Bh7 67. Kf4 Ke6 68. Rh5
Ne4 69. Kf3 Bd2 70. Rh1 Nf6 71. Rh4 Bg5 72. Ra4 Bxh6 73. Ra6+ Ke5 74. Ra5+
Nd5 75. Ra4 Bc2 76. Rc4 Bd1+ 77. Kf2 Be3+ 78. Kg3 Nf6 79. Rc8 Ne4+ 80. Kg2
Be2 81. Rf8 Nf6 82. Kg3 Kf5 83. Rf7 Bc5 84. Kg2 Kg5 85. Rc7 Ne4 86. Rg7+
Kf4 87. Rf7+ Ke3 88. Rf5 Bd6 89. Rf7 Ng5 90. Rf6 Bf3+ 91. Kf1 Ne4 92. Re6
Bg4 93. Re8 Kf3 94. Ke1 Kf4 95. Kf1 Bf3 96. Rd8 Be7 97. Rb8 Bh4 98. Rb2 Bf6
99. Rb8 Ng3+ 100. Kf2 Bd4+ 101. Ke1 Bc3+ 102. Kf2 Ne4+ 103. Kf1 Kg3 104.
Rg8+ Bg4 105. Re8 Nd2+ 106. Ke1 Nc4+ 107. Kf1 Bd2 108. Kg1 Ne3 109. Re7 Bh3
110. Kh1 Nf5 111. Re2 Bc1 112. Kg1 Nh4 113. Rc2 Nf3+ 114. Kh1 Bd2 0-1

[Event "Aeroflot Open A 2020"]
[Site "Moscow RUS"]
[Date "2020.02.27"]
[Round "9.8"]
[White "Sethuraman, S.P."]
[Black "Svane, Rasmus"]
[Result "1/2-1/2"]
[WhiteElo "2641"]
[BlackElo "2608"]
[EventDate "2020.02.19"]

1. e4 e5 2. Nf3 Nc6 3. Bb5 a6 4. Ba4 Nf6 5. O-O Be7 6. d3 b5 7. Bb3 d6 8.
Bd2 Bg4 9. c3 Na5 10. Bc2 c5 11. Bc1 O-O 12. h3 Bh5 13. Re1 Qc7 14. Nbd2
Rad8 15. Nf1 d5 16. exd5 Rxd5 17. Ng3 Bg6 18. Qe2 Re8 19. Nh4 c4 20. dxc4
Nxc4 21. Nxg6 hxg6 22. a4 b4 23. b3 Na5 24. c4 Rdd8 25. Bb2 Bc5 26. Rad1
Rxd1 27. Rxd1 Nc6 28. Ne4 Nxe4 29. Bxe4 Nd4 30. Bxd4 exd4 31. Qf3 Re6 32.
Bd5 Rf6 33. Qd3 Qe5 34. a5 g5 35. g3 g6 36. Kf1 Kg7 1/2-1/2

[Event "Aeroflot Open A 2020"]
[Site "Moscow RUS"]
[Date "2020.02.27"]
[Round "9.9"]
[White "Deac, Bogdan-Daniel"]
[Black "Idani, Pouya"]
[Result "1/2-1/2"]
[WhiteElo "2626"]
[BlackElo "2577"]
[EventDate "2020.02.19"]

1. Nf3 Nf6 2. c4 e6 3. g3 d5 4. Bg2 dxc4 5. Qa4+ Bd7 6. Qxc4 c5 7. Ne5 Qc8
8. Qd3 Nc6 9. Nxd7 Nxd7 10. Nc3 Be7 11. Qb5 a6 12. Qa4 Nd4 13. e3 Nf5 14.
O-O O-O 15. d3 Rd8 16. Rd1 Qc7 17. Qc2 Ne5 18. Ne4 Rd7 19. f4 Nc6 20. a3
Qb6 21. Rb1 c4 22. d4 Na5 23. Bd2 Nb3 24. g4 Nfxd4 25. exd4 Qxd4+ 26. Kf1
Rad8 27. g5 Bc5 28. Ke2 Bb6 29. Qc3 Ba5 30. Qxd4 Nxd4+ 31. Ke1 Nc2+ 32. Ke2
Nd4+ 33. Ke1 Nc2+ 1/2-1/2

[Event "Aeroflot Open A 2020"]
[Site "Moscow RUS"]
[Date "2020.02.27"]
[Round "9.10"]
[White "Zhou, Jianchao"]
[Black "Asadli, Vugar"]
[Result "0-1"]
[WhiteElo "2622"]
[BlackElo "2538"]
[EventDate "2020.02.19"]

1. d4 Nf6 2. c4 e6 3. Nf3 b6 4. a3 Bb7 5. Bf4 g6 6. Nc3 Bg7 7. Qc2 Nh5 8.
Bg5 f6 9. Bd2 f5 10. d5 O-O 11. Rd1 c5 12. g3 exd5 13. cxd5 Na6 14. Bg2 d6
15. O-O Nc7 16. Rfe1 Qd7 17. e4 fxe4 18. Ng5 Rae8 19. Ngxe4 Bd4 20. Be3
Bxe3 21. Rxe3 Ng7 22. b4 Nf5 23. Red3 Ba6 24. R3d2 Nd4 25. Rxd4 cxd4 26.
Rxd4 Nb5 27. Nxb5 Bxb5 28. h4 Qe7 29. Kh2 Rc8 30. Qb2 Bd7 31. b5 Bf5 32. f4
Rc7 33. Rb4 Rfc8 34. Nf6+ Kf7 35. Nxh7 Rc2 36. Ng5+ Kg8 37. Qa1 Qe2 38. Qg1
Rc1 0-1

[Event "Aeroflot Open A 2020"]
[Site "Moscow RUS"]
[Date "2020.02.27"]
[Round "9.11"]
[White "Artemiev, Vladislav"]
[Black "Antipov, Mikhail Al."]
[Result "1/2-1/2"]
[WhiteElo "2728"]
[BlackElo "2562"]
[EventDate "2020.02.19"]

1. c4 g6 2. Nf3 Bg7 3. d4 Nf6 4. g3 c6 5. Bg2 d5 6. Nbd2 O-O 7. O-O a5 8.
b3 a4 9. Ba3 Re8 10. Re1 Ne4 11. e3 Bg4 12. cxd5 cxd5 13. h3 Bxf3 14. Bxf3
axb3 15. axb3 f5 16. Nxe4 fxe4 17. Be2 Nc6 18. Qd2 h5 19. Kg2 h4 20. Bc5
Rc8 21. Bg4 e6 22. gxh4 Ne5 23. dxe5 Rxc5 24. Qb4 Rc7 25. Qd6 Qxd6 26. exd6
Rd7 27. Ra7 Be5 28. Rd1 Rf7 29. h5 Kg7 30. Ra5 Bxd6 31. Rb5 Rfe7 32. Rb6
Rd8 33. hxg6 Kxg6 34. Ra1 Kf6 35. Rb5 Ke5 36. Ra7 Rb8 37. Rba5 Ree8 38. Rb5
Re7 39. Rba5 1/2-1/2

[Event "Aeroflot Open A 2020"]
[Site "Moscow RUS"]
[Date "2020.02.27"]
[Round "9.12"]
[White "Sargissian, Gabriel"]
[Black "Sargsyan, Shant"]
[Result "1-0"]
[WhiteElo "2689"]
[BlackElo "2594"]
[EventDate "2020.02.19"]

1. d4 Nf6 2. c4 g6 3. Nc3 d5 4. cxd5 Nxd5 5. e4 Nxc3 6. bxc3 Bg7 7. Bc4 c5
8. Ne2 Nc6 9. Be3 O-O 10. O-O Qc7 11. Rc1 b6 12. h4 Bb7 13. h5 Rfd8 14. h6
Bf8 15. Qe1 e5 16. d5 Na5 17. Bd3 c4 18. Bc2 f6 19. f4 Bc5 20. Bxc5 Qxc5+
21. Qf2 Qxf2+ 22. Rxf2 Bc8 23. fxe5 fxe5 24. Kh2 Nb7 25. Ng1 Nd6 26. Rcf1
Rb8 27. Rf6 Rb7 28. Nf3 Nf7 29. Kg3 Re7 30. Nd2 Nxh6 31. Nxc4 Kg7 32. Rc6
Ba6 33. d6 Red7 34. Ba4 Kh8 35. Nxe5 Rxd6 36. Rxd6 Rxd6 37. Rf8+ Kg7 38.
Ra8 Bd3 39. Rxa7+ Kf6 40. Nd7+ Kg5 41. e5 Re6 42. Rb7 Bc4 43. a3 Nf5+ 44.
Kf2 b5 45. Bxb5 Bxb5 46. Rxb5 Ra6 47. Rb3 Ra4 48. Nc5 Rc4 49. Ne6+ Kh6 50.
g4 Ne7 51. Rb1 g5 52. Nd4 Rxc3 53. Nf5+ Nxf5 54. gxf5 Rxa3 55. Rb8 Ra5 56.
Re8 Kg7 57. f6+ Kf7 58. Re7+ Kf8 59. Kf3 h5 60. Ke4 g4 61. Rh7 g3 62. e6
1-0

[Event "Aeroflot Open A 2020"]
[Site "Moscow RUS"]
[Date "2020.02.27"]
[Round "9.13"]
[White "Vaibhav, Suri"]
[Black "Maghsoodloo, Parham"]
[Result "1/2-1/2"]
[WhiteElo "2591"]
[BlackElo "2674"]
[EventDate "2020.02.19"]

1. e4 e5 2. Nf3 Nc6 3. Bc4 Bc5 4. c3 Nf6 5. d3 d6 6. O-O a5 7. Re1 O-O 8.
h3 h6 9. Nbd2 Be6 10. Bb5 Qb8 11. Bxc6 bxc6 12. d4 exd4 13. cxd4 Bb4 14. a3
Bxd2 15. Nxd2 Nd7 16. Nf1 a4 17. Qh5 Qb6 18. Bxh6 Qxd4 19. Re3 Qe5 20. Qxe5
dxe5 21. Rg3 Kh7 22. Bd2 Nc5 23. Bb4 Nxe4 24. Re3 c5 25. Be1 Bd5 26. f3
1/2-1/2

[Event "Aeroflot Open A 2020"]
[Site "Moscow RUS"]
[Date "2020.02.27"]
[Round "9.14"]
[White "Kovalev, Vladislav"]
[Black "Aryan, Chopra"]
[Result "1-0"]
[WhiteElo "2650"]
[BlackElo "2562"]
[EventDate "2020.02.19"]

1. e4 e6 2. d4 d5 3. Nd2 c5 4. Ngf3 Nf6 5. exd5 exd5 6. Bb5+ Bd7 7. Bxd7+
Nbxd7 8. O-O Be7 9. dxc5 Nxc5 10. Nb3 Nce4 11. Nfd4 Nd6 12. Re1 O-O 13. c3
Re8 14. Qc2 Nc4 15. Bg5 h6 16. Bh4 Qb6 17. f3 Bf8 18. Bf2 Qa6 19. a3 Nh5
20. g3 Qg6 21. Qxg6 fxg6 22. Rxe8 Rxe8 23. Ra2 Nf6 24. a4 g5 25. h3 a6 26.
Nc1 Ne5 27. b3 Rc8 28. Rc2 g6 29. Kg2 Kf7 30. Nde2 Ba3 31. Be3 Bc5 32. Bxc5
Rxc5 33. Rd2 Ke7 34. Rd1 Kd6 35. Na2 Nc6 36. Nac1 Ne5 37. Na2 Nc6 38. Nec1
Ne5 39. Kf2 a5 40. Ne2 b5 41. axb5 Rxb5 42. Nd4 Rc5 43. Nc1 Kd7 44. Nce2
Nc6 45. Nxc6 Kxc6 46. Ke3 Kd6 47. Kd2 Rc8 48. Nd4 h5 49. g4 hxg4 50. hxg4
Nd7 51. Ra1 Ra8 52. Re1 Nf8 53. Kc2 Rb8 54. Re2 Ra8 55. Kb2 Rb8 56. Ka3 Rc8
57. Re3 Kd7 58. Ka4 Rc5 59. Re5 Rxc3 60. Rxd5+ Ke8 61. Kxa5 Rd3 62. Kb4 Nd7
63. Kc4 Re3 64. Rxg5 Ne5+ 65. Kd5 Nxf3 66. Nxf3 Rxf3 67. b4 Rf6 68. Kc5 Kd7
69. b5 Kc7 70. Re5 Rf4 71. g5 Rf7 72. Kb4 Rf4+ 73. Kc5 Rf7 74. Rd5 Re7 75.
Kb4 Re4+ 76. Ka5 Re6 77. b6+ Rxb6 78. Rc5+ Kb7 79. Rb5 Rxb5+ 80. Kxb5 Kc7
81. Kc5 Kd7 82. Kd5 Ke7 83. Ke5 Kf7 1-0

[Event "Aeroflot Open A 2020"]
[Site "Moscow RUS"]
[Date "2020.02.27"]
[Round "9.15"]
[White "Riazantsev, Alexander"]
[Black "Sychev, Klementy"]
[Result "1-0"]
[WhiteElo "2639"]
[BlackElo "2563"]
[EventDate "2020.02.19"]

1. d4 d5 2. Nf3 Nf6 3. c4 e6 4. Nc3 Bb4 5. e3 O-O 6. Bd2 b6 7. cxd5 exd5 8.
Bb5 Bd6 9. O-O Bg4 10. h3 Bh5 11. g4 Bg6 12. Ne5 Bxe5 13. dxe5 Ne4 14. Nxe4
Bxe4 15. f3 Bg6 16. Bc3 c6 17. Ba4 Qc7 18. e4 Rd8 19. exd5 Rxd5 20. Qe1 Na6
21. Bb3 Rdd8 22. f4 Bd3 23. e6 fxe6 24. Qxe6+ Kh8 25. Rae1 Bxf1 26. Qe7 Rg8
27. Bxg8 Kxg8 28. Qxc7 Nxc7 29. Re7 Nb5 30. Rxg7+ Kf8 31. Rxh7 Bc4 32. Bg7+
Kg8 33. Rh8+ Kxg7 34. Rxa8 Bxa2 35. h4 Bd5 36. Kf2 c5 37. Rd8 Bf7 38. h5
Kh6 39. Rh8+ Kg7 40. Rd8 Kh6 41. Kg3 Nd4 42. Rd6+ 1-0

[Event "Aeroflot Open A 2020"]
[Site "Moscow RUS"]
[Date "2020.02.27"]
[Round "9.16"]
[White "Sadhwani, Raunak"]
[Black "Durarbayli, Vasif"]
[Result "1-0"]
[WhiteElo "2522"]
[BlackElo "2625"]
[EventDate "2020.02.19"]

1. e4 c5 2. Nf3 d6 3. d4 cxd4 4. Nxd4 Nf6 5. Nc3 Nc6 6. Bg5 e6 7. Bb5 Bd7
8. Qd3 h6 9. Bh4 Be7 10. O-O-O Ne5 11. Qe2 O-O 12. f4 Ng6 13. Bg3 a6 14.
Bxd7 Nxd7 15. f5 exf5 16. Nxf5 Re8 17. Bxd6 Bf6 18. Nd5 Rc8 19. Rhf1 Re6
20. Kb1 Qe8 21. Nc7 Rxe4 22. Qf3 Rxc7 23. Bxc7 Kh7 24. Rxd7 Qxd7 25. Qxe4
Qb5 26. c3 Qxf1+ 27. Kc2 b5 28. Bb6 Bg5 29. a3 Qc1+ 30. Kb3 Qf4 31. Qxf4
Nxf4 32. Kb4 Nxg2 33. Ka5 Bc1 34. b4 Bxa3 35. Kxa6 Bb2 36. Bd4 g6 37. Nd6
f5 38. Kxb5 f4 39. Kc6 f3 40. Ne4 Nf4 41. Be3 Ne2 42. c4 Be5 43. b5 Bxh2
44. b6 g5 45. Nd6 1-0

[Event "Aeroflot Open A 2020"]
[Site "Moscow RUS"]
[Date "2020.02.27"]
[Round "9.17"]
[White "Zvjaginsev, Vadim"]
[Black "Kunin, Vitaly"]
[Result "1/2-1/2"]
[WhiteElo "2623"]
[BlackElo "2550"]
[EventDate "2020.02.19"]

1. e4 c5 2. Nc3 Nc6 3. Bb5 Nd4 4. Nf3 Nxb5 5. Nxb5 d5 6. exd5 a6 7. Nc3 Nf6
8. d4 Nxd5 9. Ne4 cxd4 10. Qxd4 Bf5 11. O-O Nf6 12. Nc5 Qxd4 13. Nxd4 Bc8
14. Na4 b5 15. Nc5 e6 16. Nd3 Bb7 17. f3 Bd6 18. Be3 Rc8 19. Rfd1 O-O 20.
c3 Nd5 21. Bf2 Rfd8 22. Nb3 Ba8 23. a3 h5 24. Nb4 Nxb4 25. axb4 Bd5 26. Nc5
Bxc5 27. bxc5 Bb7 28. b4 f6 29. h4 Kf7 30. Bg3 Rxd1+ 31. Rxd1 Bd5 32. Bf2
Ra8 33. Ra1 Ke7 34. Be3 Bb7 35. Kf2 Rd8 36. Ke2 e5 37. Bf2 Ke6 38. Be3 Rd7
39. Bf2 Rd8 40. Be3 Rd7 41. Bf2 Rd8 1/2-1/2

[Event "Aeroflot Open A 2020"]
[Site "Moscow RUS"]
[Date "2020.02.27"]
[Round "9.19"]
[White "Chigaev, Maksim"]
[Black "Bharath, Subramaniyam H"]
[Result "0-1"]
[WhiteElo "2616"]
[BlackElo "2402"]
[EventDate "2020.02.19"]

1. e4 c5 2. Nf3 e6 3. d3 Nc6 4. g3 g6 5. d4 cxd4 6. Nxd4 Bg7 7. Nb5 d5 8.
exd5 exd5 9. Bf4 Bxb2 10. N1c3 Nf6 11. Bg2 Qe7+ 12. Kf1 O-O 13. Bd6 Qd8 14.
Rb1 Bxc3 15. Bxf8 Bg4 16. Bf3 Bh3+ 17. Bg2 Bg4 18. Qc1 Be5 19. Bh6 a6 20.
h3 Bf5 21. Na3 Ne4 22. Rxb7 Qf6 23. Bf4 Bd4 24. c4 Nxf2 25. Bxd5 Nxh1 26.
Rxf7 Qxf7 27. Bxf7+ Kxf7 28. g4 Bd3+ 29. Kg2 Re8 0-1

[Event "Aeroflot Open A 2020"]
[Site "Moscow RUS"]
[Date "2020.02.27"]
[Round "9.20"]
[White "Kardashevskiy, Evgeny"]
[Black "Kobalia, Mikhail"]
[Result "0-1"]
[WhiteElo "2437"]
[BlackElo "2609"]
[EventDate "2020.02.19"]

1. d4 d5 2. Nf3 Nf6 3. c4 c6 4. Nc3 e6 5. e3 Nbd7 6. Qc2 Bd6 7. b3 O-O 8.
Be2 Re8 9. O-O dxc4 10. bxc4 e5 11. Rd1 Qe7 12. a4 e4 13. Nd2 Nf8 14. Nf1
Ng6 15. Qb3 Ng4 16. Ba3 Bxa3 17. Qxa3 Qf6 18. Bxg4 Bxg4 19. Ng3 Bxd1 20.
Rxd1 Qh4 21. Qb3 b6 22. Qc2 Rad8 23. a5 bxa5 24. Ra1 Rb8 25. Rxa5 Qe7 26.
Ngxe4 Rb4 27. Qa2 Qe6 28. h3 Reb8 29. Rc5 f5 30. Ng5 Qf6 31. Nf3 f4 32. Ne4
Qe7 33. Ne5 fxe3 34. fxe3 Rb1+ 35. Kh2 R1b2 36. Qa6 Nh4 37. Nc3 Rxg2+ 38.
Kh1 Qe6 39. Ng4 Rf8 40. Qa1 Rf3 0-1

[Event "Aeroflot Open A 2020"]
[Site "Moscow RUS"]
[Date "2020.02.27"]
[Round "9.21"]
[White "Nesterov, Arseniy"]
[Black "Praggnanandhaa, R"]
[Result "0-1"]
[WhiteElo "2501"]
[BlackElo "2602"]
[EventDate "2020.02.19"]

1. d4 Nf6 2. c4 e6 3. Nf3 d5 4. g3 dxc4 5. Bg2 a6 6. O-O Nc6 7. e3 Rb8 8.
Nfd2 e5 9. Bxc6+ bxc6 10. dxe5 Ng4 11. Nxc4 Be6 12. Qxd8+ Rxd8 13. Nbd2 Bb4
14. b3 h5 15. h3 Bc3 16. Rb1 Nxe5 17. Ne4 Bxh3 18. Nxe5 Bxe5 19. Re1 Bf5
20. f3 Bxg3 21. Rf1 Rh6 0-1

[Event "Aeroflot Open A 2020"]
[Site "Moscow RUS"]
[Date "2020.02.27"]
[Round "9.22"]
[White "Sindarov, Javokhir"]
[Black "Abdusattorov, Nodirbek"]
[Result "1-0"]
[WhiteElo "2537"]
[BlackElo "2644"]
[EventDate "2020.02.19"]

1. e4 e5 2. Nf3 Nc6 3. Bb5 a6 4. Ba4 Nf6 5. O-O Be7 6. Re1 b5 7. Bb3 O-O 8.
c3 d5 9. exd5 Nxd5 10. Nxe5 Nxe5 11. Rxe5 c6 12. d3 Bd6 13. Re1 Bf5 14. Qf3
Re8 15. Bd2 Qg5 16. Bxd5 cxd5 17. Rxe8+ Rxe8 18. g3 Qg6 19. Be3 d4 20. cxd4
Bg4 21. Qc6 Rc8 22. Qxa6 Qxd3 23. Nc3 Bf8 24. a4 Bh3 25. Qxb5 Rxc3 26. Qh5
Rc2 27. Qxh3 Rxb2 28. Qf1 1-0

[Event "Aeroflot Open A 2020"]
[Site "Moscow RUS"]
[Date "2020.02.27"]
[Round "9.23"]
[White "Sengupta, Deep"]
[Black "Martirosyan, Haik M."]
[Result "1/2-1/2"]
[WhiteElo "2534"]
[BlackElo "2630"]
[EventDate "2020.02.19"]

1. e4 e5 2. Nf3 Nc6 3. Nc3 Nf6 4. g3 d5 5. exd5 Nxd5 6. Bg2 Nxc3 7. bxc3
Bd6 8. O-O O-O 9. d4 e4 10. Ng5 f5 11. f3 h6 12. Nh3 exf3 13. Qxf3 Qf6 14.
Rb1 Rb8 15. Bf4 g5 16. Bxd6 cxd6 17. Qe2 Bd7 18. Nf2 Kh8 19. Ng4 Qg6 20.
Ne3 f4 21. Nd5 Rbe8 22. Qd2 Bg4 23. gxf4 Re2 24. Qd3 Rxg2+ 25. Kxg2 Bf5 26.
Qg3 Be4+ 27. Kg1 Bxd5 28. fxg5 Rg8 29. Rf6 Qxg5 30. Qxg5 Rxg5+ 31. Kf2 Na5
32. Rxh6+ Kg7 33. Rxd6 Rg2+ 34. Kf1 Nc4 35. Rxd5 Ne3+ 36. Ke1 Nxc2+ 37. Kf1
Ne3+ 38. Ke1 Nxd5 39. Rxb7+ Kf6 40. Rxa7 Kf5 41. c4 Ne3 42. d5 Ke4 43. d6
Nc2+ 44. Kf1 Ne3+ 45. Ke1 Rxh2 46. c5 Rg2 47. Ra8 Nc2+ 48. Kf1 Ne3+ 49. Ke1
1/2-1/2

[Event "Aeroflot Open A 2020"]
[Site "Moscow RUS"]
[Date "2020.02.27"]
[Round "9.24"]
[White "Kulaots, Kaido"]
[Black "Shtembuliak, Evgeny"]
[Result "0-1"]
[WhiteElo "2510"]
[BlackElo "2628"]
[EventDate "2020.02.19"]

1. e4 c6 2. d4 d5 3. Nc3 dxe4 4. Nxe4 Nf6 5. Nxf6+ exf6 6. c3 Bd6 7. Bd3
O-O 8. Qc2 Re8+ 9. Be3 h5 10. Nf3 Be6 11. O-O Nd7 12. c4 Nf8 13. Bf5 Qd7
14. Bxe6 fxe6 15. Rad1 Rad8 16. d5 cxd5 17. cxd5 e5 18. Nd2 Bb8 19. Ne4 Qf7
20. Nc3 Ng6 21. Rd2 h4 22. Qf5 Ne7 23. Qf3 f5 24. Bg5 e4 25. Qh3 Be5 26.
Rfd1 Bxc3 27. bxc3 Rxd5 28. Bxe7 Rxd2 29. Rxd2 e3 30. fxe3 Qxe7 31. Qxf5
Qxe3+ 32. Rf2 Re5 33. Qf7+ Kh7 34. Qf4 Kg6 35. Qf7+ Kh6 36. Qf4+ Qxf4 37.
Rxf4 g5 38. Rf7 Rb5 39. Kf2 Kg6 40. Rd7 Kf5 41. h3 a6 42. Kf3 Rc5 43. Rxb7
Rxc3+ 44. Kf2 Rc2+ 45. Kf3 Rxa2 46. Rb6 Ra3+ 47. Kf2 a5 48. Rb5+ Kf4 49.
Rc5 Ra2+ 50. Kg1 a4 51. Rc4+ Ke3 52. Kh2 Kd3 53. Rb4 Kc3 54. Re4 Ra1 55. g4
Ra2+ 56. Kg1 Kd3 57. Rb4 Kc3 58. Re4 Kd3 59. Rb4 Ke3 60. Rc4 Ra3 61. Kg2
Kd3 62. Rb4 Ra1 63. Kh2 Ke2 64. Kg2 Ra2 65. Kh1 Kf3 66. Rc4 Rf2 0-1